Análisis de las propiedades de mortero preempacado para repello
Salvato in:
| Autore principale: | |
|---|---|
| Natura: | Libro |
| Pubblicazione: |
[San José, Costa Rica]
2009
|
| Soggetti: | |
| Tags: |
Aggiungi Tag
Nessun Tag, puoi essere il primo ad aggiungerne!!
|
MARC
| LEADER | 00000nam a2200000Ia 4500 | ||
|---|---|---|---|
| 003 | 001254 | ||
| 005 | 20221231144053.0 | ||
| 008 | 140114s2009 cr a 000 ||s d | ||
| 040 | |c cru CEDI | ||
| 090 | |a TFG 5777 | ||
| 100 | |a Sánchez Salazar, Sofía Natalia |9 4037 | ||
| 245 | |a Análisis de las propiedades de mortero preempacado para repello | ||
| 260 | |c 2009 |b [San José, Costa Rica] | ||
| 300 | |a xviii, 112 hojas; ilustraciones a color | ||
| 500 | |a Tesis (licenciatura en ingeniería civil)--Universidad de Costa Rica. Facultad de Ingeniería. Escuela de Ingeniería Civil | ||
| 630 | |x ARGAMASA |x PROPIEDADES |x MATERIALES DE CONSTRUCCION |x RESISTENCIA DE MATERIALES |9 4038 | ||
| 650 | |z PROPIEDADES DE MORTEROS |9 4039 | ||
| 942 | |c TFG | ||
| 999 | |c 16458 |d 16458 | ||
